000 00617nam a22002417a 4500
003 UA-OsUOA
001 63705
007 ta
008 20091016b un ||||| |||| 00| 0 ukr d
100 _aСалум М. П.
700 _aГельфанд М. Б.
090 _a511.1
_bС16
942 _cBK
040 _aUA-OsUOA
_bukr
_cUA-OsUOA
_dUA-OsUOA
245 _aУроки з арифметики в 5 класі
300 _a201 с.
955 _a2
041 _aukr
080 _a511.1
260 _aК.
_bРадянська школа
_c1956
650 7 _a511 Теорія чисел
_2UDC
999 _c349741
_d349741